موسوعة المجتمعات الدينية فى الشرق الاوسط / (Record no. 52012)
[ view plain ]
| 000 -الفاتح | |
|---|---|
| حقل البيانات ثابتة الطول | 00674nam a2200193Ia 4500 |
| 008 - عناصر البيانات ثابتة الطول - معلومات عامة | |
| حقل البيانات ثابتة الطول | 140319s9999 xx 000 0 ara d |
| 040 ## - مصدر الفهرسة | |
| وكالة الفهرسة الأصلية | GCL / |
| وكالة النسخ | GCL |
| 082 04 - رقم تصنيف ديوى العشرى | |
| رقم التصنيف | 210.956 |
| رقم المادة | ط م |
| 100 1# - المدخل الرئيسى - إسم شخصى | |
| الإسم الشخصى | طونى مفرج |
| 245 10 - بيان العنوان | |
| العنوان | موسوعة المجتمعات الدينية فى الشرق الاوسط / |
| بيان المسئوليه,etc | طونى مفرج |
| 300 ## - الوصف المادى | |
| التعداد | متعدد |
| 490 ## - بيان السلسلة | |
| عنوان السلسلة | الهيئة العامة للاستعلامات |
| رقم المجلد/ التعيين التسلسلي | 0 |
| 650 04 - المدخل الاضافى بالموضوع-مصطلح موضوعى | |
| مصطلح موضوعي | الشيعة - الشرق الاوسط |
| 650 04 - المدخل الاضافى بالموضوع-مصطلح موضوعى | |
| مصطلح موضوعي | الدروز - الشرق الاوسط |
| 650 04 - المدخل الاضافى بالموضوع-مصطلح موضوعى | |
| مصطلح موضوعي | المسيحيون - الشرق الاوسط |
| 650 04 - المدخل الاضافى بالموضوع-مصطلح موضوعى | |
| مصطلح موضوعي | السنه - الشرق الاوسط |
| 942 ## - عناصر المدخل الإضافي( كوها) | |
| مصدر التصنيف او مخطط الترفيف | Dewey Decimal Classification |
| Koha [default] item type | كتاب |
| حالة التراجع | حالة الفقد | حالة تلف | ليس للاعارة | المكان المؤقت | الموقع الحالى | تاريخ الاكتساب | اجمالي اﻻعارات | رقم الطلب | الباركود | تاريخ اخر مشاهدة | تاريخ تفعيل السعر | نوع وعاء كوها | مصدر التصنيف او خطة الترفيف | موقع الترفيف |
|---|---|---|---|---|---|---|---|---|---|---|---|---|---|---|
| مكتبة القاهرة الكبرى | مكتبة القاهرة الكبرى | 03/26/2014 | 210.956\ط م | 124487 | 03/26/2014 | 03/26/2014 | كتاب | |||||||
| مكتبة القاهرة الكبرى | مكتبة القاهرة الكبرى | 06/11/2018 | 210.956 ط م | 164849 | 06/11/2018 | 06/11/2018 | كتاب | ddc | القاعة الرئيسية | |||||
| مكتبة القاهرة الكبرى | مكتبة القاهرة الكبرى | 06/11/2018 | 210.956 ط م | 164850 | 06/11/2018 | 06/11/2018 | كتاب | ddc | القاعة الرئيسية | |||||
| مكتبة القاهرة الكبرى | مكتبة القاهرة الكبرى | 06/11/2018 | 210.956 ط م | 164851 | 06/11/2018 | 06/11/2018 | كتاب | ddc | القاعة الرئيسية | |||||
| مكتبة القاهرة الكبرى | مكتبة القاهرة الكبرى | 06/11/2018 | 210.956 ط م | 164852 | 06/11/2018 | 06/11/2018 | كتاب | ddc | القاعة الرئيسية | |||||
| مكتبة القاهرة الكبرى | مكتبة القاهرة الكبرى | 06/11/2018 | 210.956 ط م | 164853 | 06/11/2018 | 06/11/2018 | كتاب | ddc | القاعة الرئيسية | |||||
| مكتبة القاهرة الكبرى | مكتبة القاهرة الكبرى | 06/11/2018 | 210.956 ط م | 164854 | 06/11/2018 | 06/11/2018 | كتاب | ddc | القاعة الرئيسية |

